مكتبة جامعة عجلون الوطنية

فهرس بحث المكتبة

دور التمكين الإداري في تحسين الأداء الوظيفي للعاملين في بلديات إقليم الشمال في الأردن : الإبداع، كمتغير معدل = The Role of Administrative Empowerment in Improving the job Performance of Employees' at the Municipalities of the Northern Region in Jordan: Creativity, as A Modifying Variable / (Record no. 33404)

MARC details
000 -LEADER
fixed length control field 01148nam a22001937a 4500
003 - CONTROL NUMBER IDENTIFIER
control field JO-AjAnu
005 - DATE AND TIME OF LATEST TRANSACTION
control field 20240402121506.0
008 - FIXED-LENGTH DATA ELEMENTS--GENERAL INFORMATION
fixed length control field 240402b jo ||||| |||| 00| 0 ara d
040 ## - CATALOGING SOURCE
Original cataloging agency JO-AjAnu
Transcribing agency ANU
041 #1 - LANGUAGE CODE
Language code of original ara
100 #1 - MAIN ENTRY--PERSONAL NAME
Personal name الشاعر، ريما حسين عبد اللطيف
Relator term معد
9 (RLIN) 65255
245 #0 - TITLE STATEMENT
Title دور التمكين الإداري في تحسين الأداء الوظيفي للعاملين في بلديات إقليم الشمال في الأردن : الإبداع، كمتغير معدل = The Role of Administrative Empowerment in Improving the job Performance of Employees' at the Municipalities of the Northern Region in Jordan: Creativity, as A Modifying Variable /
Statement of responsibility, etc. اعداد ريما حسين عبد اللطيف الشاعر ؛ اشراف بلال أحمد مثاني
260 ## - PUBLICATION, DISTRIBUTION, ETC.
Date of publication, distribution, etc. 2023
300 ## - PHYSICAL DESCRIPTION
Extent 129 ورقة
500 ## - GENERAL NOTE
General note رسالة جامعية (ماجستير) تخصص إدارة الاعمال، جامعة عجلون الوطنية
650 7# - SUBJECT ADDED ENTRY--TOPICAL TERM
Form subdivision الموظفين-تمكين-التطوير الاداري
700 #0 - ADDED ENTRY--PERSONAL NAME
Personal name المثاني، بلال احمد
9 (RLIN) 65043
Relator term مشرف
942 ## - ADDED ENTRY ELEMENTS (KOHA)
Source of classification or shelving scheme Library of Congress Classification
Koha item type Thesis
Suppress in OPAC No
Holdings
Withdrawn status Lost status Source of classification or shelving scheme Damaged status Not for loan Home library Current library Date acquired Total Checkouts Full call number Barcode Date last seen Price effective from Koha item type
    Library of Congress Classification     مكتبة جامعة عجلون الوطنية مكتبة جامعة عجلون الوطنية 02/04/2024   HD50.5.2023 A29558 02/04/2024 02/04/2024 Thesis
    Library of Congress Classification     مكتبة جامعة عجلون الوطنية مكتبة جامعة عجلون الوطنية 02/04/2024   HD50.5.2023 A29559 02/04/2024 02/04/2024 Thesis